[Event "Polanica Zdroj op 60th"]
[Site "Polanica Zdroj"]
[Date "2024.08.25"]
[Round "9"]
[White "Gajdzica, Maciej"]
[Black "Lambrecht, Tomasz"]
[Result "1/2-1/2"]
[WhiteElo "1973"]
[BlackElo "2045"]
[PlyCount "55"]
[EventDate "2024.08.17"]
[EventType "swiss"]
[EventRounds "9"]
[EventCountry "POL"]
[SourceTitle "CBM 221 Extra"]
[Source "ChessBase"]
[SourceDate "2024.09.30"]
[SourceVersion "1"]
[SourceVersionDate "2024.09.30"]
[SourceQuality "1"]

1. e4 c5 2. Nf3 d6 3. d4 cxd4 4. Nxd4 Nf6 5. Nc3 Nc6 6. Bg5 e6 7. Qd2 a6 8. 0-0-0 Be7 9. Bxf6 gxf6 10. f4 Bd7 11. f5 h5 12. Bc4 Nxd4 13. Qxd4 Qa5 14. Kb1 0-0-0 15. Qd3 Kc7 16. Qh3 Qe5 17. Rhe1 Rde8 18. Bb3 Bf8 19. Ne2 h4 20. Nd4 Bh6 21. Nf3 Qf4 22. Qxh4 exf5 23. Qxf4 Bxf4 24. exf5 Bxf5 25. g3 Bg4 26. Bd5 Bxf3 27. Bxf3 Rxe1 28. Rxe1 1/2-1/2

[Event "Polanica Zdroj op 60th"]
[Site "Polanica Zdroj"]
[Date "2024.08.18"]
[Round "2"]
[White "Lambrecht, Tomasz"]
[Black "Zawadzka, Jolanta"]
[Result "0-1"]
[WhiteElo "2045"]
[BlackElo "2335"]
[PlyCount "112"]
[EventDate "2024.08.17"]
[EventType "swiss"]
[EventRounds "9"]
[EventCountry "POL"]
[SourceTitle "CBM 221 Extra"]
[Source "ChessBase"]
[SourceDate "2024.09.30"]
[SourceVersion "1"]
[SourceVersionDate "2024.09.30"]
[SourceQuality "1"]

1. d4 Nf6 2. c4 e6 3. Nf3 d5 4. g3 dxc4 5. Bg2 a6 6. 0-0 Nc6 7. Nbd2 b5 8. b3 c3 9. Nb1 b4 10. a3 Rb8 11. axb4 Bxb4 12. Qd3 e5 13. Be3 e4 14. Qc4 0-0 15. Ne5 Nxe5 16. dxe5 Be6 17. Qd4 Nd5 18. Bxe4 c5 19. Qd3 Nxe3 20. Qxe3 Qd4 21. Rxa6 Qxe3 22. fxe3 c4 23. bxc4 Bxc4 24. Rc6 Rfc8 25. Rc1 Rxc6 26. Bxc6 Rc8 27. Bb7 Rc7 28. Be4 Be6 29. Bc2 Kf8 30. Kf2 Rc5 31. Rd1 Rxe5 32. Rd4 Rb5 33. Ke1 Ba2 34. Rd1 Ke7 35. Rc1 g6 36. Rd1 Rh5 37. h4 g5 38. Kf2 gxh4 39. gxh4 Rxh4 40. Rd4 Rxd4 41. exd4 h6 42. Kf3 Kf6 43. Kg4 Bc4 44. e4 Be2+ 45. Kf4 h5 46. e5+ Ke6 47. Bb3+ Ke7 48. Bc2 Bc4 49. Kg5 Ke6 50. Kxh5 Kd5 51. Kg5 Be7+ 52. Kh6 Kxd4 53. Kg7 Bb4 54. Kf6 Ba5 55. Bh7 Bc7 56. Nxc3 Bxe5+ 0-1

[Event "Wroclaw op-A"]
[Site "Wroclaw"]
[Date "2024.08.12"]
[Round "6"]
[White "Gierulski, Kamil"]
[Black "Lambrecht, Tomasz"]
[Result "1-0"]
[WhiteElo "2294"]
[BlackElo "2045"]
[PlyCount "59"]
[EventDate "2024.08.08"]
[EventType "swiss"]
[EventRounds "9"]
[EventCountry "POL"]
[SourceTitle "EXT 2025"]
[Source "ChessBase"]
[SourceDate "2024.10.14"]
[SourceVersion "1"]
[SourceVersionDate "2024.10.14"]
[SourceQuality "1"]

1. e4 c5 2. Nf3 d6 3. Bb5+ Nd7 4. 0-0 Ngf6 5. Re1 e6 6. c3 a6 7. Bf1 Be7 8. d4 0-0 9. e5 Ne8 10. Bf4 cxd4 11. cxd4 Nb6 12. Nc3 Bd7 13. exd6 Bxd6 14. Ne5 Rc8 15. Bd3 Bxe5 16. dxe5 Bc6 17. Re3 Nd5 18. Nxd5 Qxd5 19. Qg4 g6 20. Rd1 Qa5 21. Bg5 Ng7 22. Qh3 h5 23. Bf6 Qa4 24. Rde1 Nf5 25. Bxf5 exf5 26. Rg3 Kh7 27. Rg5 Kh6 28. g4 fxg4 29. Rxh5+ gxh5 30. Qe3+ 1-0

[Event "Bydgoszcz op-A"]
[Site "Bydgoszcz"]
[Date "2022.06.25"]
[Round "1"]
[White "Lambrecht, Tomasz"]
[Black "Prokofyev, Valentyn"]
[Result "1-0"]
[WhiteElo "1956"]
[BlackElo "2286"]
[PlyCount "115"]
[EventDate "2022.06.25"]
[EventType "swiss"]
[EventRounds "10"]
[EventCountry "POL"]
[SourceTitle "CBM 209 Extra"]
[Source "ChessBase"]
[SourceDate "2022.09.30"]
[SourceVersion "1"]
[SourceVersionDate "2022.09.30"]
[SourceQuality "1"]

1. d4 Nf6 2. Nf3 g6 3. g3 Bg7 4. Bg2 0-0 5. 0-0 d6 6. b3 Nbd7 7. Bb2 c6 8. Re1 d5 9. c4 Ne4 10. cxd5 cxd5 11. Nbd2 Ndf6 12. Nxe4 Nxe4 13. Nd2 Nf6 14. Nf3 Bf5 15. Qd2 a5 16. Rac1 Qd6 17. Ne5 a4 18. Bc3 axb3 19. axb3 Qb6 20. Bb4 Rfe8 21. Qc3 Ra2 22. Bc5 Qa6 23. Ra1 Ne4 24. Bxe4 Bxe4 25. Rxa2 Qxa2 26. Qb4 Qa6 27. Qa4 Qxa4 28. bxa4 Bf5 29. a5 f6 30. Nf3 Kf7 31. Ra1 Ra8 32. Bb6 Rc8 33. Bc5 Rc6 34. Ra2 e5 35. Rb2 Bc8 36. Kg2 exd4 37. Bxd4 Bf8 38. Rb5 Rc2 39. e3 Bd6 40. Rxd5 Ke6 41. Rb5 Bd7 42. Rxb7 Bc6 43. Rxh7 Bb4 44. a6 g5 45. g4 Be4 46. Rh6 Be1 47. Rxf6+ Kd5 48. Kf1 Bxf2 49. Ne1 Bxe1 50. Kxe1 Rxh2 51. a7 Ra2 52. Rf8 Kc4 53. Rc8+ Kb4 54. Rc5 Bd3 55. Rxg5 Bc4 56. Rc5 Re2+ 57. Kd1 Rf2 58. Rxc4+ 1-0

[Event "Hradec Kralove op 11th"]
[Site "Hradec Kralove"]
[Date "2021.11.07"]
[Round "2"]
[White "Lambrecht, Tomasz"]
[Black "Valenta, Vit"]
[Result "1/2-1/2"]
[WhiteElo "1876"]
[BlackElo "2028"]
[PlyCount "115"]
[EventDate "2021.11.06"]
[EventType "swiss"]
[EventRounds "9"]
[EventCountry "CZE"]
[SourceTitle "CBM 205 Extra"]
[Source "ChessBase"]
[SourceDate "2022.01.31"]
[SourceVersion "1"]
[SourceVersionDate "2022.01.31"]
[SourceQuality "1"]

1. d4 Nf6 2. c4 g6 3. Nc3 Bg7 4. e4 d6 5. Be2 0-0 6. Nf3 e5 7. Be3 Nbd7 8. 0-0 a6 9. Qc2 h6 10. Rad1 Ng4 11. Bc1 Re8 12. Rfe1 c6 13. dxe5 dxe5 14. h3 Ngf6 15. b4 Nh5 16. Bf1 Nf4 17. Ne2 Ne6 18. c5 Qc7 19. Nd2 a5 20. a3 axb4 21. axb4 b5 22. cxb6 Nxb6 23. Nb3 Ba6 24. Bb2 Nc4 25. Bc3 Na3 26. Qb2 Nb5 27. Bd2 Nbd4 28. Nbxd4 exd4 29. Qc1 Kh7 30. Nf4 Bxf1 31. Kxf1 Qb6 32. Qc4 Qb5 33. Qxb5 cxb5 34. Nd5 Ra2 35. Bc1 Rc8 36. Rd2 Rac2 37. Rxc2 Rxc2 38. Rd1 Rc4 39. Bd2 g5 40. Ke2 Rc2 41. Rb1 Ra2 42. Rd1 Be5 43. g3 Ra3 44. Rh1 d3+ 45. Ke3 Nd4 46. Rb1 Ne2 47. Rd1 Bd4+ 48. Kf3 Be5 49. Be3 Nd4+ 50. Bxd4 Bxd4 51. Nc7 Ra2 52. Rf1 d2 53. Rd1 Bc3 54. Nd5 Ra3 55. Ke2 Rb3 56. Nxc3 Rxc3 57. Rxd2 Rb3 58. Rd4 1/2-1/2

[Event "Wroclaw op-A"]
[Site "Wroclaw"]
[Date "2021.08.08"]
[Round "9"]
[White "Lambrecht, Tomasz"]
[Black "Smietanska, Wiktoria"]
[Result "1/2-1/2"]
[WhiteElo "1769"]
[BlackElo "1809"]
[PlyCount "96"]
[EventDate "2021.08.01"]
[EventType "swiss"]
[EventRounds "9"]
[EventCountry "POL"]
[SourceTitle "CBM 203 Extra"]
[Source "ChessBase"]
[SourceDate "2021.09.30"]
[SourceVersion "1"]
[SourceVersionDate "2021.09.30"]
[SourceQuality "1"]

1. d4 Nf6 2. c4 g6 3. Nc3 Bg7 4. e4 d6 5. Be2 0-0 6. Be3 Nc6 7. d5 Ne5 8. h3 e6 9. f4 Ned7 10. Nf3 exd5 11. exd5 Re8 12. Qd2 Qe7 13. Kf2 b6 14. Rhe1 Bb7 15. Bd3 Qd8 16. Bd4 Nc5 17. Bc2 a5 18. a3 Nh5 19. g4 Bxd4+ 20. Qxd4 Nf6 21. Rxe8+ Nxe8 22. Re1 Nd7 23. Ba4 Ng7 24. Qe3 Nc5 25. Bc2 Kf8 26. Kg3 Qf6 27. Ng5 Kg8 28. Qe7 Qxe7 29. Rxe7 Rc8 30. Nce4 Nxe4+ 31. Nxe4 Ba6 32. Bd3 h6 33. Nf6+ Kf8 34. Re2 Ne8 35. Nxe8 Rxe8 36. Rxe8+ Kxe8 37. a4 Ke7 38. b3 Bb7 39. Be4 Kf6 40. Kf3 Bc8 41. Ke3 Ke7 42. Bf3 h5 43. Be2 hxg4 44. hxg4 Kf6 45. g5+ Ke7 46. Kd4 Bf5 47. Bf3 f6 48. Kc3 Bd7 1/2-1/2

[Event "Polanica Zdroj op-C 56th"]
[Site "Polanica Zdroj"]
[Date "2020.08.21"]
[Round "7"]
[White "Lambrecht, Tomasz"]
[Black "Kozlowski, Pawel"]
[Result "0-1"]
[WhiteElo "1750"]
[BlackElo "1913"]
[PlyCount "72"]
[EventDate "2020.08.15"]
[EventType "swiss"]
[EventRounds "9"]
[EventCountry "POL"]
[SourceTitle "CBM 198 Extra"]
[Source "ChessBase"]
[SourceDate "2020.11.30"]
[SourceVersion "1"]
[SourceVersionDate "2020.11.30"]
[SourceQuality "1"]

1. d4 Nf6 2. c4 g6 3. Nc3 Bg7 4. e4 d6 5. f3 0-0 6. Be3 Nc6 7. Nge2 e5 8. d5 Ne7 9. g4 Ne8 10. h4 f5 11. Nc1 c6 12. Be2 a6 13. h5 f4 14. Bf2 g5 15. a3 cxd5 16. cxd5 Bd7 17. Nb3 b5 18. Rc1 Rb8 19. Na2 a5 20. Qd2 Ra8 21. Na1 Bf6 22. Nc3 Qb8 23. b4 axb4 24. axb4 Nc7 25. Qb2 Nc8 26. Nb3 Nb6 27. Na5 Na4 28. Qb3 Nxc3 29. Rxc3 Na6 30. 0-0 Bd8 31. Nc6 Qb7 32. Nxd8 Rfxd8 33. Rfc1 Rdc8 34. Rxc8+ Rxc8 35. Rc6 Bxc6 36. dxc6+ Qf7 0-1

[Event "Polanica Zdroj op-C 56th"]
[Site "Polanica Zdroj"]
[Date "2020.08.20"]
[Round "6"]
[White "Lambrecht, Tomasz"]
[Black "Karut, Kacper"]
[Result "1-0"]
[WhiteElo "1750"]
[BlackElo "1638"]
[PlyCount "97"]
[EventDate "2020.08.15"]
[EventType "swiss"]
[EventRounds "9"]
[EventCountry "POL"]
[SourceTitle "CBM 198 Extra"]
[Source "ChessBase"]
[SourceDate "2020.11.30"]
[SourceVersion "1"]
[SourceVersionDate "2020.11.30"]
[SourceQuality "1"]

1. d4 Nf6 2. c4 g6 3. Nc3 Bg7 4. e4 d6 5. Be2 0-0 6. Be3 e5 7. d5 a5 8. g4 Na6 9. g5 Ne8 10. h4 f5 11. gxf6 Nxf6 12. h5 Nc5 13. hxg6 hxg6 14. Bf3 Bd7 15. Nh3 Qc8 16. Ng5 Ng4 17. Bxg4 Bxg4 18. f3 Bh5 19. Bxc5 dxc5 20. Rf1 Qd8 21. Ne6 Qh4+ 22. Kd2 Bh6+ 23. Kc2 Rf7 24. Qe2 Qg3 25. Rg1 Qxf3 26. Qxf3 Rxf3 27. Raf1 Rxf1 28. Rxf1 b6 29. Nb5 c6 30. Nbc7 Rb8 31. d6 Bf8 32. Na6 Ra8 33. Nac7 Rb8 34. Rxf8+ Rxf8 35. d7 Rb8 36. d8Q+ Rxd8 37. Nxd8 Be2 38. Nxc6 Bxc4 39. b3 Be2 40. Nxe5 g5 41. Kd2 Bh5 42. Ne6 g4 43. Nf4 Be8 44. Nxg4 Bc6 45. Kc3 a4 46. Nd5 Kg7 47. Ne5 Be8 48. bxa4 Bxa4 49. Nxb6 1-0

[Event "Polanica Zdroj op-C 56th"]
[Site "Polanica Zdroj"]
[Date "2020.08.16"]
[Round "2"]
[White "Lambrecht, Tomasz"]
[Black "Wolak, Julia"]
[Result "0-1"]
[WhiteElo "1750"]
[BlackElo "1516"]
[PlyCount "113"]
[EventDate "2020.08.15"]
[EventType "swiss"]
[EventRounds "9"]
[EventCountry "POL"]
[SourceTitle "CBM 198 Extra"]
[Source "ChessBase"]
[SourceDate "2020.11.30"]
[SourceVersion "1"]
[SourceVersionDate "2020.11.30"]
[SourceQuality "1"]

1. d4 Nf6 2. c4 c5 3. d5 b5 4. cxb5 a6 5. bxa6 Bxa6 6. Nc3 g6 7. e4 d6 8. Bxa6 Nxa6 9. Nf3 Nd7 10. 0-0 Bg7 11. a4 Qa5 12. Bd2 0-0 13. Nb5 Qb6 14. Bc3 Nf6 15. Qe2 Nc7 16. Nxc7 Qxc7 17. Rfc1 Qd7 18. Qc2 Ra7 19. Nd2 Rfa8 20. b3 Rb8 21. Nc4 Qc7 22. Rab1 Bh6 23. Re1 Nd7 24. Na3 Rab7 25. Nc4 Ra7 26. Ba1 f6 27. Na3 Rab7 28. g3 Rb6 29. f4 Bg7 30. Nc4 R6b7 31. Bc3 Ra8 32. Qd2 Nb6 33. Na5 Rba7 34. Nc6 Ra6 35. f5 Nc8 36. g4 Kf7 37. Kg2 Qb6 38. h4 Qc7 39. h5 g5 40. Rec1 c4 41. Bd4 cxb3 42. Ne5+ fxe5 43. Rxc7 exd4 44. Rxb3 Rxa4 45. Qxg5 Ra2+ 46. Kf1 Rh2 47. Rc1 Raa2 48. Rg3 d3 49. Qe3 Be5 50. Rg1 Rae2 51. Qf3 Bd4 52. Rxc8 Rhf2+ 53. Qxf2 Rxf2+ 54. Ke1 Re2+ 55. Kf1 Bxg1 56. Rc3 Rxe4 57. Kxg1 0-1

[Event "POL-chT U20 1st League"]
[Site "Kudowa Zdroj"]
[Date "2018.07.25"]
[Round "5.26"]
[White "Jarzebowski, Kacper"]
[Black "Lambrecht, Tomasz"]
[Result "1-0"]
[WhiteElo "1969"]
[BlackElo "1544"]
[PlyCount "133"]
[EventDate "2018.07.21"]
[EventType "team-tourn"]
[EventRounds "9"]
[EventCountry "POL"]
[SourceTitle "CBM 186 Extra"]
[Source "ChessBase"]
[SourceDate "2018.08.24"]
[SourceVersion "1"]
[SourceVersionDate "2018.08.24"]
[SourceQuality "1"]

1. d3 d5 2. Nf3 c5 3. e4 dxe4 4. dxe4 Qxd1+ 5. Kxd1 Bg4 6. Be3 e6 7. Nbd2 Nc6 8. c3 0-0-0 9. Kc2 f6 10. a4 a5 11. Bc4 e5 12. h3 Bd7 13. g4 b6 14. Bb5 Kc7 15. Nc4 Nge7 16. Nh4 g5 17. Ng2 Bg7 18. f3 Be6 19. Bf2 Nc8 20. Nge3 Nd6 21. Nxd6 Rxd6 22. Rad1 Rhd8 23. Rxd6 Rxd6 24. Bc4 Bxc4 25. Nxc4 Rd7 26. h4 h6 27. hxg5 fxg5 28. Bg3 Re7 29. Ne3 Rf7 30. Nf5 Bf8 31. Kd3 Kb7 32. Ke2 Kc7 33. Rh2 Rf6 34. Kd3 Re6 35. Kc4 Ne7 36. Re2 Kc6 37. Rd2 Kc7 38. Rd1 Nc6 39. Ne3 Ne7 40. Re1 Kc6 41. Nf5 Nc8 42. b3 Nd6+ 43. Kd3 Nf7 44. Rc1 Re8 45. b4 Ra8 46. b5+ Kd7 47. Ne3 Ke6 48. Nc4 Rb8 49. Ke2 Be7 50. Rd1 Bf6 51. Rd5 Rb7 52. Kd3 Rb8 53. Bh2 Rb7 54. Kc2 Rb8 55. Bg3 Rb7 56. Kd3 Rb8 57. Bf2 Be7 58. Nxe5 Nxe5+ 59. Rxe5+ Kf6 60. Rd5 Ke6 61. Bg3 Rb7 62. c4 Ra7 63. Ke3 Rb7 64. f4 gxf4+ 65. Bxf4 Bf8 66. Rd8 Kf7 67. Rb8 1-0

[Event "POL-chT U20 1st League"]
[Site "Kudowa Zdroj"]
[Date "2018.07.23"]
[Round "3.26"]
[White "Lambrecht, Tomasz"]
[Black "Pietrzak, Tomasz1"]
[Result "1/2-1/2"]
[WhiteElo "1544"]
[BlackElo "1617"]
[PlyCount "65"]
[EventDate "2018.07.21"]
[EventType "team-tourn"]
[EventRounds "9"]
[EventCountry "POL"]
[SourceTitle "CBM 186 Extra"]
[Source "ChessBase"]
[SourceDate "2018.08.24"]
[SourceVersion "1"]
[SourceVersionDate "2018.08.24"]
[SourceQuality "1"]

1. Nf3 d5 2. c4 e6 3. e3 Nf6 4. Nc3 Be7 5. Be2 0-0 6. 0-0 c5 7. cxd5 Nxd5 8. d4 Nxc3 9. bxc3 b6 10. Ne5 Bb7 11. Bf3 Qc7 12. Rb1 Nc6 13. Nxc6 Bxc6 14. Bxc6 Qxc6 15. a4 Rfd8 16. Ba3 Bf6 17. Qb3 h6 18. Rfd1 cxd4 19. cxd4 Rac8 20. a5 bxa5 21. Bc5 Rb8 22. Qa3 Qe4 23. Rb2 Rxb2 24. Qxb2 e5 25. Bxa7 exd4 26. exd4 a4 27. g3 Qf3 28. Ra1 Qb3 29. Qxb3 axb3 30. Rb1 Ra8 31. Bc5 Rb8 32. Rb2 Rd8 33. Rxb3 1/2-1/2

[Event "POL-chT U20 1st League"]
[Site "Szczyrk"]
[Date "2017.07.30"]
[Round "9.21"]
[White "Lepski, Maksymilian"]
[Black "Lambrecht, Tomasz"]
[Result "1/2-1/2"]
[WhiteElo "1426"]
[BlackElo "1389"]
[PlyCount "112"]
[EventDate "2017.07.22"]
[EventType "team-tourn"]
[EventRounds "9"]
[EventCountry "POL"]
[SourceTitle "EXT 2019"]
[Source "ChessBase"]
[SourceDate "2018.10.10"]
[SourceVersion "1"]
[SourceVersionDate "2018.10.10"]
[SourceQuality "1"]

1. d4 c5 2. d5 e5 3. c4 d6 4. Nc3 g6 5. e4 Bg7 6. g3 Ne7 7. Nge2 0-0 8. Bg2 Nd7 9. 0-0 f5 10. f4 Nb6 11. Qd3 Bd7 12. Bd2 a6 13. Rae1 Nbc8 14. a4 Na7 15. fxe5 Bxe5 16. Nd1 Bxa4 17. exf5 Nxf5 18. Bc3 Bxc3 19. Ndxc3 Bd7 20. Nf4 Ng7 21. Ne6 Rxf1+ 22. Qxf1 Nxe6 23. dxe6 Bc6 24. Qf7+ Kh8 25. Nd5 Qf8 26. Qxf8+ Rxf8 27. e7 Rb8 28. Nf6 Be8 29. Bxb7 Kg7 30. Nxe8+ Rxe8 31. Bxa6 Kf7 32. Kf2 Rxe7 33. Rxe7+ Kxe7 34. Ke3 Ke6 35. Bb7 Ke5 36. g4 h6 37. h3 Kf6 38. Kf4 g5+ 39. Ke4 Ke6 40. Bd5+ Kf6 41. Bb7 Ke6 42. b3 Kf6 43. Kd5 Ke7 44. Ke4 Kf6 45. Kd5 Ke7 46. Ba8 Kd7 47. Bb7 Ke7 48. Ba6 Kd7 49. Bb7 Ke7 50. Bc6 Nc8 51. Ba4 Na7 52. Bb5 Nc8 53. Bc6 Nb6+ 54. Ke4 Ke6 55. Bb7 Kf6 56. Bc6 Ke6 1/2-1/2

[Event "POL-chT U20 1st League"]
[Site "Szczyrk"]
[Date "2017.07.26"]
[Round "5.9"]
[White "Kulesza, Andrzej"]
[Black "Lambrecht, Tomasz"]
[Result "1/2-1/2"]
[WhiteElo "1862"]
[BlackElo "1389"]
[PlyCount "99"]
[EventDate "2017.07.22"]
[EventType "team-tourn"]
[EventRounds "9"]
[EventCountry "POL"]
[SourceTitle "EXT 2019"]
[Source "ChessBase"]
[SourceDate "2018.10.10"]
[SourceVersion "1"]
[SourceVersionDate "2018.10.10"]
[SourceQuality "1"]

1. e4 d5 2. exd5 Qxd5 3. Nc3 Qa5 4. d4 Nf6 5. Bc4 c6 6. Nge2 Bg4 7. f3 Bh5 8. 0-0 e6 9. Kh1 Bd6 10. Bf4 Qc7 11. Bxd6 Qxd6 12. Ng3 Nbd7 13. Nce4 Qc7 14. c3 Bg6 15. Bd3 0-0 16. Qc2 Rfe8 17. c4 e5 18. Nxf6+ Nxf6 19. Bxg6 hxg6 20. dxe5 Rxe5 21. Kg1 Rae8 22. Rad1 Re3 23. Qf2 Qf4 24. b3 a6 25. Rd2 R3e5 26. Rfd1 Qe3 27. Qxe3 Rxe3 28. Kf2 R3e7 29. Rd8 Kf8 30. Rxe8+ Kxe8 31. Rd3 Rd7 32. Rxd7 Kxd7 33. Ke3 Ke6 34. Ne2 Ke5 35. Nf4 Kd6 36. Nd3 Nd7 37. g4 Ne5 38. Nxe5 Kxe5 39. f4+ Kd6 40. Kd4 b6 41. a3 Kd7 42. c5 b5 43. f5 g5 44. Ke5 f6+ 45. Ke4 a5 46. Kf3 Ke7 47. Kg3 Kf7 48. h4 gxh4+ 49. Kxh4 g5+ 50. Kg3 1/2-1/2